Veinticinco años de sociología latinoamericana. Un balance /

Kaydedildi:
Detaylı Bibliyografya
Yazar: Franco, Rolando
Materyal Türü: Metin
Etiketler: Etiketle
Etiket eklenmemiş, İlk siz ekleyin!

MARC

LEADER 00000 a a2200000 04500
001 40606
003
040
100 |a Franco, Rolando  
245 |a Veinticinco años de sociología latinoamericana. Un balance /  |c Rolando Franco 
773 |g volumen3, (XI Congreso Latinoamericano de Sociología), [páginas 140-181]  
999 |c 27308  |d 27308